000 00575cam a22001217a 4500
008 180718b1975 xxu||||| |||| 00| 0 eng d
082 _aD Un3r
245 _aThe relationship between the Industrialised and Developing Countries fourth annual Mboya memorial lecture delivered by the Rt Hon Judith Hart MP Ministry of Overseas Development, February 1975
_cby Ministry of Overseas Development
260 _aLondon
_bHer Majesty's Stationery Office
_c1975
300 _a13p.
440 _aOverseas Development Paper No. 1
700 _aUnited Kingdom. Ministry of Overseas Development
999 _c490680
_d490680